Bayern München Squad 2021-2022 - Statistics

General Stats
  • This quiz has been taken 696 times
  • The average score is 18 of 27
Answer Stats
Hint Answer % Correct
1 Manuel Neuer
99%
9 Robert Lewandowski
94%
6 Joshua Kimmich
93%
7 Serge Gnabry
92%
10 Leroy Sane
91%
25 Thomas Müller
91%
8 Leon Goretzka
89%
5 Benjamin Pavard
85%
11 Kingsley Coman
85%
19 Alphonso Davies
84%
4 Niklas Süle
82%
2 Dayot Upamecano
81%
42 Jamal Musiala
77%
21 Lucas Hernandez
76%
Coach Julian Nagelsmann
69%
26 Sven Ulreich
63%
13 Eric Choupo-Moting
59%
24 Corentin Tolisso
55%
18 Marcel Sabitzer
52%
20 Bouna Sarr
43%
44 Josip Stanisic
36%
22 Marc Roca
36%
3 Omar Richards
35%
23 Tanguy Nianzou
32%
36 Christian Früchtl
26%
40 Malik Tillman
19%
17 Michael Cuisance
11%
No matching quizzes found
Score Distribution
Percent of People with Each Score
Percentile by Number Answered
Your Score History
You have not taken this quiz